000 00420cam a2200169ua 4500
020 _c2.00
041 _aeng
_h
082 _a320.58
_bGAN/TH
100 _aGandhi, M.K .
245 _aThoughts on National Language /
_cM.K.Gandhi.
_hTextual Documents
260 _aAhmadabad :
_bNavajivan publishing house ,
_c1961.
300 _a212 ; .
365 _a2.00
504 _a
942 _cBK
999 _c1004
_d1004